[Event "World Senior Championship F50+/F65+"]
[Site "Katerini"]
[Date "2014.11.01"]
[Round "8.1"]
[White "Saunina, Ludmila"]
[Black "Ankudinova, Yelena"]
[Result "0-1"]
[WhiteElo "2190"]
[BlackElo "2121"]
[EventDate "2014.10.24"]

1. d4 {[%clk 1:30:57]} d5 {[%clk 1:30:43]} 2. c4 {[%clk 1:31:22]} c6
{[%clk 1:31:09]} 3. Nf3 {[%clk 1:31:49]} Nf6 {[%clk 1:31:34]} 4. Nbd2
{[%clk 1:32:09]} g6 {[%clk 1:31:24]} 5. g3 {[%clk 1:32:32]} Bg7 {[%clk 1:31:43]}
6. Bg2 {[%clk 1:32:59]} O-O {[%clk 1:32:04]} 7. O-O {[%clk 1:33:26]} Bg4
{[%clk 1:30:07]} 8. Ne5 {[%clk 1:33:25]} Be6 {[%clk 1:23:51]} 9. e3
{[%clk 1:29:38]} Nbd7 {[%clk 1:19:38]} 10. Qe2 {[%clk 1:15:28]} Nxe5
{[%clk 1:05:35]} 11. dxe5 {[%clk 1:15:53]} Nd7 {[%clk 1:05:05]} 12. cxd5
{[%clk 1:15:46]} cxd5 {[%clk 1:05:00]} 13. f4 {[%clk 1:15:54]} f6
{[%clk 0:59:31]} 14. e4 {[%clk 1:11:15]} dxe4 {[%clk 0:57:10]} 15. exf6
{[%clk 1:05:59]} Qb6+ {[%clk 0:50:19]} 16. Kh1 {[%clk 1:06:17]} Nxf6
{[%clk 0:49:34]} 17. Nxe4 {[%clk 1:06:21]} Nxe4 {[%clk 0:40:01]} 18. Qxe4
{[%clk 1:06:31]} Bf5 {[%clk 0:33:16]} 19. Qxe7 {[%clk 1:02:39]} Rfe8
{[%clk 0:24:50]} 20. Qxb7 {[%clk 1:01:01]} Qxb7 {[%clk 0:22:23]} 21. Bxb7
{[%clk 1:01:30]} Rad8 {[%clk 0:22:35]} 22. Bf3 {[%clk 0:58:14]} Bd3
{[%clk 0:22:14]} 23. Rd1 {[%clk 0:57:44]} Be4 {[%clk 0:21:09]} 24. Rf1
{[%clk 0:54:41]} Bxf3+ {[%clk 0:19:23]} 25. Rxf3 {[%clk 0:55:08]} Rd1+
{[%clk 0:19:41]} 26. Kg2 {[%clk 0:55:34]} Ree1 {[%clk 0:19:45]} 27. f5
{[%clk 0:52:57]} Rxc1 {[%clk 0:18:35]} 28. Rxc1 {[%clk 0:53:23]} Rxc1
{[%clk 0:19:03]} 29. fxg6 {[%clk 0:49:52]} Rc2+ {[%clk 0:18:49]} 30. Kh3
{[%clk 0:50:11]} hxg6 {[%clk 0:18:59]} 31. Ra3 {[%clk 0:50:34]} Bd4
{[%clk 0:18:14]} 32. b3 {[%clk 0:50:52]} Bg1 {[%clk 0:18:18]} 33. Kg4
{[%clk 0:50:50]} Rxh2 {[%clk 0:18:12]} 34. Ra4 {[%clk 0:49:56]} Rd2
{[%clk 0:18:10]} 35. Kg5 {[%clk 0:48:55]} Kg7 {[%clk 0:18:02]} 36. g4
{[%clk 0:48:38]} Be3+ {[%clk 0:12:04]} 37. Kh4 {[%clk 0:49:03]} Bf2+
{[%clk 0:11:44]} 38. Kh3 {[%clk 0:49:11]} Kh6 {[%clk 0:11:17]} 39. Ra5
{[%clk 0:49:07]} Bb6 {[%clk 0:11:24]} 40. Ra4 {[%clk 1:18:24]} Bc7
{[%clk 0:40:57]} 41. g5+ {[%clk 1:18:07]} Kxg5 {[%clk 0:41:13]} 0-1

[Event "World Senior Championship F50+/F65+"]
[Site "Katerini"]
[Date "2014.11.01"]
[Round "8.2"]
[White "Fatalibekova, Elena"]
[Black "Lauterbach, Ingrid"]
[Result "1-0"]
[WhiteElo "2215"]
[BlackElo "2095"]
[EventDate "2014.10.24"]

1. e4 {[%clk 1:30:57]} c5 {[%clk 1:28:55]} 2. Nf3 {[%clk 1:30:20]} e6
{[%clk 1:29:12]} 3. b3 {[%clk 1:29:25]} Nf6 {[%clk 1:20:08]} 4. e5
{[%clk 1:27:41]} Nd5 {[%clk 1:20:02]} 5. c4 {[%clk 1:22:13]} Nb4 {[%clk 1:15:54]}
6. a3 {[%clk 1:21:03]} N4c6 {[%clk 1:15:53]} 7. Bb2 {[%clk 1:21:00]} d6
{[%clk 1:10:38]} 8. exd6 {[%clk 1:19:09]} Qxd6 {[%clk 1:10:52]} 9. Nc3
{[%clk 1:14:16]} Nd4 {[%clk 1:04:24]} 10. Nxd4 {[%clk 1:09:49]} Qxd4
{[%clk 1:03:09]} 11. Qc2 {[%clk 0:59:41]} Qd8 {[%clk 0:56:30]} 12. Bd3
{[%clk 0:55:25]} Nc6 {[%clk 0:53:04]} 13. Ne2 {[%clk 0:55:40]} h6
{[%clk 0:50:34]} 14. O-O {[%clk 0:55:25]} Bd7 {[%clk 0:38:44]} 15. Be4
{[%clk 0:53:41]} Qc7 {[%clk 0:36:44]} 16. d4 {[%clk 0:46:34]} Nxd4
{[%clk 0:31:53]} 17. Nxd4 {[%clk 0:46:56]} cxd4 {[%clk 0:32:17]} 18. Bxd4
{[%clk 0:47:13]} e5 {[%clk 0:31:02]} 19. Bxe5 {[%clk 0:44:23]} Qb6
{[%clk 0:21:15]} 20. Bd5 {[%clk 0:41:15]} f5 {[%clk 0:18:09]} 21. c5
{[%clk 0:30:21]} Qa6 {[%clk 0:17:10]} 22. Bc7 Be7 {[%clk 0:14:31]} 23. Rfe1
{[%clk 0:26:17]} Kf8 {[%clk 0:13:42]} 24. Rxe7 {[%clk 0:11:14]} Kxe7
{[%clk 0:13:56]} 25. Qc3 {[%clk 0:11:19]} Kf8 {[%clk 0:02:10]} 26. Bd6+
{[%clk 0:11:04]} 1-0

[Event "World Senior Championship F50+/F65+"]
[Site "Katerini"]
[Date "2014.11.01"]
[Round "8.3"]
[White "Baliuniene, Margarita"]
[Black "Gaprindashvili, Nona"]
[Result "0-1"]
[WhiteElo "1961"]
[BlackElo "2299"]
[EventDate "2014.10.24"]

1. d4 {[%clk 1:30:58]} c5 {[%clk 1:30:51]} 2. d5 {[%clk 1:30:44]} e5
{[%clk 1:31:12]} 3. c4 {[%clk 1:30:33]} d6 {[%clk 1:31:35]} 4. Nc3
{[%clk 1:30:17]} g6 {[%clk 1:31:55]} 5. e4 {[%clk 1:30:16]} Nh6 {[%clk 1:31:14]}
6. Bd3 {[%clk 1:30:01]} Bg7 {[%clk 1:31:14]} 7. Nf3 {[%clk 1:28:22]} O-O
{[%clk 1:30:43]} 8. Qc2 {[%clk 1:21:19]} Na6 {[%clk 1:30:58]} 9. a3
{[%clk 1:21:31]} Nc7 {[%clk 1:27:36]} 10. Bg5 {[%clk 1:19:21]} f6
{[%clk 1:28:02]} 11. Bd2 {[%clk 1:19:16]} Bd7 {[%clk 1:26:47]} 12. b4
{[%clk 1:15:52]} b6 {[%clk 1:27:10]} 13. bxc5 {[%clk 1:15:12]} bxc5
{[%clk 1:27:37]} 14. O-O {[%clk 1:14:20]} f5 {[%clk 1:22:24]} 15. Rab1
{[%clk 1:12:40]} f4 {[%clk 1:22:33]} 16. Rb7 {[%clk 1:07:02]} Bc8
{[%clk 1:22:11]} 17. Rb2 {[%clk 1:05:38]} g5 {[%clk 1:21:07]} 18. Nb5
{[%clk 0:59:44]} Nxb5 {[%clk 1:21:00]} 19. Rxb5 {[%clk 0:58:53]} g4
{[%clk 1:21:20]} 20. Ne1 {[%clk 0:58:54]} Bd7 {[%clk 1:17:06]} 21. Ba5
{[%clk 0:55:33]} Qc8 {[%clk 1:16:22]} 22. Rb2 {[%clk 0:54:58]} Qa6
{[%clk 1:15:51]} 23. Qc3 {[%clk 0:49:30]} Rab8 {[%clk 1:15:57]} 24. Rxb8
{[%clk 0:48:28]} Rxb8 {[%clk 1:16:25]} 25. Bc2 {[%clk 0:46:28]} Nf7
{[%clk 1:16:15]} 26. Nd3 {[%clk 0:44:56]} Ng5 {[%clk 1:16:01]} 27. Re1
{[%clk 0:36:58]} Be8 {[%clk 1:14:34]} 28. Nb2 {[%clk 0:27:55]} Rxb2
{[%clk 1:14:06]} 29. Qxb2 {[%clk 0:28:22]} Qxa5 {[%clk 1:14:28]} 30. Rb1
{[%clk 0:28:42]} Bg6 {[%clk 1:13:34]} 31. Qb8+ {[%clk 0:28:07]} Bf8
{[%clk 1:14:02]} 32. Qc8 {[%clk 0:28:15]} Qd2 {[%clk 1:10:34]} 33. Ba4
{[%clk 0:24:42]} Qa2 {[%clk 1:02:23]} 34. Rf1 {[%clk 0:21:05]} h5
{[%clk 0:59:54]} 35. Be8 {[%clk 0:20:45]} Nf7 {[%clk 0:56:29]} 36. h3
{[%clk 0:16:53]} Qxc4 {[%clk 0:55:16]} 37. hxg4 {[%clk 0:09:30]} Qxe4
{[%clk 0:55:26]} 38. gxh5 {[%clk 0:08:07]} Bxh5 {[%clk 0:55:50]} 39. f3
{[%clk 0:07:39]} Qd3 {[%clk 0:54:51]} 40. Qd7 {[%clk 0:35:23]} a6
{[%clk 1:21:25]} 41. Qh3 {[%clk 0:30:09]} Bg6 {[%clk 1:20:59]} 42. Qe6
{[%clk 0:27:31]} c4 {[%clk 1:19:57]} 43. g3 {[%clk 0:25:59]} c3 {[%clk 1:15:03]}
44. gxf4 {[%clk 0:25:57]} c2 {[%clk 1:14:19]} 45. fxe5 {[%clk 0:25:52]} Qxf1+
{[%clk 1:14:33]} 46. Kxf1 {[%clk 0:26:14]} c1=Q+ {[%clk 1:14:58]} 47. Kf2
{[%clk 0:26:23]} Qc2+ {[%clk 1:15:14]} 48. Kg3 {[%clk 0:26:26]} dxe5
{[%clk 1:15:04]} 49. Qxa6 {[%clk 0:25:58]} Kg7 {[%clk 1:12:01]} 50. a4
{[%clk 0:24:07]} Bc5 {[%clk 1:11:31]} 0-1

[Event "World Senior Championship F50+/F65+"]
[Site "Katerini"]
[Date "2014.11.01"]
[Round "8.4"]
[White "Kasoshvili, Tsiala"]
[Black "Melashvili, Nino"]
[Result "1/2-1/2"]
[WhiteElo "2161"]
[BlackElo "2135"]
[EventDate "2014.10.24"]

1. d4 {[%clk 1:30:58]} Nf6 {[%clk 1:30:50]} 2. g3 {[%clk 1:31:18]} d5
{[%clk 1:27:03]} 3. Bg2 {[%clk 1:31:41]} Bf5 {[%clk 1:25:31]} 4. c4
{[%clk 1:28:03]} e6 {[%clk 1:19:21]} 5. Nf3 {[%clk 0:55:10]} c6 {[%clk 1:18:38]}
6. Nbd2 {[%clk 0:54:25]} h6 {[%clk 1:13:28]} 7. O-O {[%clk 0:54:44]} Nbd7
{[%clk 1:13:44]} 8. b3 {[%clk 0:54:13]} Be7 {[%clk 1:10:10]} 9. Bb2
{[%clk 0:54:38]} Ne4 {[%clk 1:10:21]} 10. Ne1 {[%clk 0:48:36]} Nxd2
{[%clk 1:03:39]} 11. Qxd2 {[%clk 0:49:04]} Nf6 {[%clk 1:04:02]} 12. Qc1
{[%clk 0:43:02]} O-O {[%clk 1:03:29]} 13. Nf3 {[%clk 0:40:51]} Be4
{[%clk 0:59:40]} 14. Rd1 {[%clk 0:40:37]} 1/2-1/2

[Event "World Senior Championship F50+/F65+"]
[Site "Katerini"]
[Date "2014.11.01"]
[Round "8.5"]
[White "Mednikova, Svetlana"]
[Black "Bogumil, Tatiana"]
[Result "1-0"]
[WhiteElo "2154"]
[BlackElo "2149"]
[EventDate "2014.10.24"]

1. e4 {[%clk 1:30:58]} e6 {[%clk 1:29:53]} 2. d4 {[%clk 1:31:20]} d5
{[%clk 1:30:19]} 3. e5 {[%clk 1:31:36]} c5 {[%clk 1:30:33]} 4. c3
{[%clk 1:31:51]} Qb6 {[%clk 1:30:10]} 5. Nf3 {[%clk 1:31:37]} Nc6
{[%clk 1:30:35]} 6. a3 {[%clk 1:28:47]} c4 {[%clk 1:26:50]} 7. g3
{[%clk 1:23:35]} Bd7 {[%clk 1:24:17]} 8. Bg2 {[%clk 1:23:41]} Be7
{[%clk 1:21:54]} 9. Nbd2 {[%clk 1:18:32]} Na5 {[%clk 1:18:27]} 10. O-O
{[%clk 1:03:15]} Nh6 {[%clk 1:09:38]} 11. Qe2 {[%clk 0:59:00]} Ba4
{[%clk 1:07:31]} 12. h3 {[%clk 0:55:01]} Nf5 {[%clk 1:01:52]} 13. g4
{[%clk 0:53:14]} Nh4 {[%clk 1:02:07]} 14. Nxh4 {[%clk 0:52:27]} Bxh4
{[%clk 1:02:30]} 15. f4 {[%clk 0:48:52]} Be7 {[%clk 1:02:10]} 16. f5
{[%clk 0:46:08]} Bg5 {[%clk 0:46:07]} 17. Ne4 dxe4 {[%clk 0:30:48]} 18. Bxg5
{[%clk 0:33:38]} Bc6 {[%clk 0:28:50]} 19. fxe6 {[%clk 0:27:02]} fxe6
{[%clk 0:24:53]} 20. Bxe4 {[%clk 0:22:52]} Bxe4 {[%clk 0:20:24]} 21. Qxe4
{[%clk 0:23:14]} Qc6 {[%clk 0:20:12]} 22. Qf4 {[%clk 0:21:14]} Qc7
{[%clk 0:18:25]} 23. Bh4 {[%clk 0:19:43]} Rg8 {[%clk 0:12:48]} 24. Rf2
{[%clk 0:17:47]} h6 {[%clk 0:10:02]} 25. Raf1 {[%clk 0:16:07]} g5
{[%clk 0:09:20]} 26. Qf8+ {[%clk 0:16:14]} Rxf8 {[%clk 0:06:41]} 27. Rxf8+
{[%clk 0:16:37]} Kd7 {[%clk 0:07:03]} 28. R1f7+ {[%clk 0:16:54]} Kc6
{[%clk 0:07:20]} 29. Rxc7+ {[%clk 0:17:16]} Kxc7 {[%clk 0:07:41]} 30. Rxa8
{[%clk 0:17:30]} gxh4 {[%clk 0:08:06]} 31. Rh8 {[%clk 0:15:49]} 1-0

[Event "World Senior Championship F50+/F65+"]
[Site "Katerini"]
[Date "2014.11.01"]
[Round "8.6"]
[White "Titorenko, Natalia I"]
[Black "Khropova, Larisa"]
[Result "1-0"]
[WhiteElo "2123"]
[BlackElo "2026"]
[EventDate "2014.10.24"]

1. e4 {[%clk 1:30:58]} c6 {[%clk 1:30:08]} 2. d3 {[%clk 1:31:17]} d5
{[%clk 1:29:47]} 3. Nd2 {[%clk 1:31:41]} g6 {[%clk 1:28:49]} 4. Ngf3
{[%clk 1:30:19]} Bg4 {[%clk 1:28:17]} 5. c3 {[%clk 1:25:51]} Bxf3
{[%clk 1:23:40]} 6. Qxf3 {[%clk 1:24:39]} Bg7 {[%clk 1:19:15]} 7. d4
{[%clk 1:20:39]} e6 {[%clk 1:12:14]} 8. Bd3 {[%clk 1:17:11]} Ne7 {[%clk 1:10:37]}
9. O-O {[%clk 1:16:54]} O-O {[%clk 1:10:03]} 10. Re1 {[%clk 1:14:28]} Nd7
{[%clk 1:06:23]} 11. exd5 {[%clk 1:05:13]} cxd5 {[%clk 1:04:27]} 12. Qg3
{[%clk 0:59:24]} Nf5 {[%clk 0:53:20]} 13. Bxf5 {[%clk 0:57:57]} gxf5
{[%clk 0:48:39]} 14. Nf3 {[%clk 0:58:09]} Kh8 {[%clk 0:48:15]} 15. Bg5
{[%clk 0:49:44]} Qb6 {[%clk 0:35:17]} 16. Be7 {[%clk 0:30:52]} Rfe8
{[%clk 0:34:34]} 17. Bd6 {[%clk 0:24:58]} h6 {[%clk 0:11:39]} 18. Bf4
{[%clk 0:16:26]} Qd8 {[%clk 0:09:34]} 19. Qh3 {[%clk 0:12:03]} Qf6
{[%clk 0:09:22]} 20. Nh4 {[%clk 0:11:30]} Rac8 {[%clk 0:07:28]} 21. Re3
{[%clk 0:11:59]} b5 {[%clk 0:06:41]} 22. Rae1 {[%clk 0:11:33]} Rg8
{[%clk 0:05:30]} 23. Rg3 {[%clk 0:07:48]} Qd8 {[%clk 0:03:34]} 24. Nxf5
{[%clk 0:06:50]} Qf6 {[%clk 0:01:06]} 25. Bxh6 {[%clk 0:05:21]} Bxh6
{[%clk 0:01:23]} 26. Nxh6 {[%clk 0:03:09]} Rxg3 {[%clk 0:01:21]} 27. fxg3
{[%clk 0:03:11]} Kg7 {[%clk 0:01:40]} 28. Rf1 {[%clk 0:03:29]} Qxh6
{[%clk 0:01:14]} 29. Rxf7+ {[%clk 0:03:58]} Kg6 {[%clk 0:01:35]} 30. Qxe6+
{[%clk 0:03:51]} 1-0

[Event "World Senior Championship F50+/F65+"]
[Site "Katerini"]
[Date "2014.11.01"]
[Round "8.7"]
[White "Strutinskaia, Galina"]
[Black "Abdikasova, Panu"]
[Result "1-0"]
[WhiteElo "2287"]
[BlackElo "1981"]
[EventDate "2014.10.24"]

1. c4 {[%clk 1:30:57]} c5 {[%clk 1:30:55]} 2. Nf3 {[%clk 1:31:18]} Nf6
{[%clk 1:31:12]} 3. Nc3 {[%clk 1:30:58]} e6 {[%clk 1:30:53]} 4. d4
{[%clk 1:30:30]} cxd4 {[%clk 1:31:18]} 5. Nxd4 {[%clk 1:30:56]} d6
{[%clk 1:28:39]} 6. e4 {[%clk 1:29:00]} a6 {[%clk 1:27:38]} 7. Be2
{[%clk 1:25:27]} Be7 {[%clk 1:27:52]} 8. Be3 {[%clk 1:25:16]} Nc6
{[%clk 1:23:28]} 9. O-O {[%clk 1:19:47]} O-O {[%clk 1:23:20]} 10. Qd2
{[%clk 1:19:06]} Qc7 {[%clk 1:19:54]} 11. Rac1 {[%clk 1:19:01]} Nxd4
{[%clk 1:17:33]} 12. Bxd4 {[%clk 1:16:28]} b6 {[%clk 1:15:29]} 13. Rfd1
{[%clk 1:15:54]} Bb7 {[%clk 1:14:05]} 14. Bxf6 {[%clk 1:13:46]} gxf6
{[%clk 1:07:04]} 15. Qh6 {[%clk 1:11:37]} Kh8 {[%clk 1:04:23]} 16. Qh5
{[%clk 1:11:14]} Qc5 {[%clk 1:04:33]} 17. Nd5 {[%clk 1:11:07]} Bd8
{[%clk 0:56:56]} 18. Rc3 {[%clk 1:08:18]} Rg8 {[%clk 0:56:34]} 19. Qxf7
{[%clk 1:07:43]} exd5 {[%clk 0:56:49]} 20. Qxb7 {[%clk 1:07:10]} Qc8
{[%clk 0:56:10]} 21. Qxd5 {[%clk 1:04:14]} Ra7 {[%clk 0:56:31]} 22. Qxd6
{[%clk 1:03:45]} Rag7 {[%clk 0:56:54]} 23. g3 {[%clk 1:01:58]} Qb7
{[%clk 0:54:20]} 24. Bf3 {[%clk 1:00:26]} Be7 {[%clk 0:54:29]} 25. Qe6
{[%clk 0:59:36]} Qb8 {[%clk 0:54:34]} 26. Rcd3 {[%clk 0:58:46]} Qf4
{[%clk 0:51:12]} 27. Qxb6 {[%clk 0:55:43]} Qh6 {[%clk 0:50:44]} 28. Rd5
{[%clk 0:51:27]} Rg5 {[%clk 0:50:27]} 29. Qd4 {[%clk 0:47:23]} R5g7
{[%clk 0:48:48]} 30. c5 {[%clk 0:47:07]} Rc8 {[%clk 0:48:19]} 31. b4
{[%clk 0:47:32]} Rgg8 {[%clk 0:47:52]} 32. Qc4 {[%clk 0:44:50]} Rc6
{[%clk 0:47:28]} 33. Rd7 {[%clk 0:44:34]} Qf8 {[%clk 0:44:42]} 34. e5
{[%clk 0:41:35]} 1-0

[Event "World Senior Championship F50+/F65+"]
[Site "Katerini"]
[Date "2014.11.01"]
[Round "8.8"]
[White "Priedite, Ingrida"]
[Black "Kabanova, Irina"]
[Result "1-0"]
[WhiteElo "2225"]
[BlackElo "1933"]
[EventDate "2014.10.24"]

1. c4 {[%clk 1:30:58]} e5 {[%clk 1:30:52]} 2. g3 {[%clk 1:30:51]} Nf6
{[%clk 1:30:49]} 3. Bg2 {[%clk 1:30:54]} d5 {[%clk 1:30:33]} 4. cxd5
{[%clk 1:28:48]} Nxd5 {[%clk 1:30:48]} 5. b3 {[%clk 1:27:13]} Nc6
{[%clk 1:29:20]} 6. Bb2 {[%clk 1:26:53]} Be7 {[%clk 1:28:19]} 7. Nc3
{[%clk 1:02:17]} Nb6 {[%clk 1:26:22]} 8. Nf3 {[%clk 1:01:14]} Be6
{[%clk 1:26:04]} 9. O-O {[%clk 0:58:45]} O-O {[%clk 1:24:40]} 10. Ne4
{[%clk 0:55:48]} f6 {[%clk 1:24:24]} 11. Rc1 {[%clk 0:52:43]} Qd7
{[%clk 1:23:02]} 12. d4 {[%clk 0:48:06]} exd4 {[%clk 1:21:53]} 13. Nxd4
{[%clk 0:48:20]} Nxd4 {[%clk 1:20:35]} 14. Qxd4 {[%clk 0:46:39]} Qxd4
{[%clk 1:18:57]} 15. Bxd4 {[%clk 0:47:02]} c6 {[%clk 1:14:58]} 16. Bc5
{[%clk 0:45:23]} Rae8 {[%clk 1:13:26]} 17. Nd6 {[%clk 0:39:13]} Bxd6
{[%clk 1:11:31]} 18. Bxd6 {[%clk 0:39:37]} Rf7 {[%clk 1:11:08]} 19. e4
{[%clk 0:38:51]} Rd7 {[%clk 1:03:50]} 20. Bb4 {[%clk 0:35:07]} f5
{[%clk 0:59:05]} 21. f3 {[%clk 0:30:44]} Rd3 {[%clk 0:53:19]} 22. Rfe1
{[%clk 0:30:38]} fxe4 {[%clk 0:52:36]} 23. fxe4 {[%clk 0:30:53]} Nc8
{[%clk 0:50:28]} 24. Rc2 {[%clk 0:25:57]} Ne7 {[%clk 0:49:31]} 25. Bc5
{[%clk 0:22:52]} a6 {[%clk 0:49:17]} 26. Rf2 {[%clk 0:20:02]} Ng6
{[%clk 0:47:50]} 27. e5 {[%clk 0:15:03]} Rd7 {[%clk 0:44:43]} 28. h4
{[%clk 0:12:46]} Ne7 {[%clk 0:43:39]} 29. Ref1 {[%clk 0:12:00]} Rdd8
{[%clk 0:35:01]} 30. Bd6 {[%clk 0:06:50]} Nf5 {[%clk 0:30:54]} 31. Rxf5
{[%clk 0:06:23]} Bxf5 {[%clk 0:28:24]} 32. Rxf5 {[%clk 0:06:47]} g6
{[%clk 0:28:41]} 33. Rf4 {[%clk 0:06:42]} Kg7 {[%clk 0:27:31]} 34. Bh3 1-0

[Event "World Senior Championship F50+/F65+"]
[Site "Katerini"]
[Date "2014.11.01"]
[Round "8.9"]
[White "Birkholz, Olga"]
[Black "Ungure, Liga"]
[Result "1-0"]
[WhiteElo "2067"]
[BlackElo "1997"]
[EventDate "2014.10.24"]

1. e4 {[%clk 1:30:51]} c5 {[%clk 1:30:31]} 2. Nf3 {[%clk 1:30:48]} e6
{[%clk 1:30:47]} 3. b3 {[%clk 1:31:02]} a6 {[%clk 1:30:27]} 4. Bb2
{[%clk 1:31:18]} d6 {[%clk 1:30:08]} 5. g3 {[%clk 1:30:20]} Nc6 {[%clk 1:28:44]}
6. Bg2 {[%clk 1:30:40]} Nf6 {[%clk 1:27:46]} 7. Qe2 {[%clk 1:29:25]} Be7
{[%clk 1:27:12]} 8. O-O {[%clk 1:27:29]} O-O {[%clk 1:25:26]} 9. a4
{[%clk 1:27:04]} Bd7 {[%clk 1:16:04]} 10. Na3 {[%clk 1:26:14]} Qc7
{[%clk 1:06:31]} 11. Rfe1 {[%clk 1:25:50]} Ng4 {[%clk 1:00:33]} 12. Nh4
{[%clk 1:13:07]} Nge5 {[%clk 0:56:21]} 13. f4 {[%clk 1:12:14]} Ng6
{[%clk 0:54:09]} 14. Nf3 {[%clk 1:10:54]} Rae8 {[%clk 0:48:33]} 15. h4
{[%clk 1:08:14]} f5 {[%clk 0:45:57]} 16. Ng5 {[%clk 1:00:01]} Bxg5
{[%clk 0:42:17]} 17. hxg5 {[%clk 1:00:15]} e5 {[%clk 0:41:26]} 18. exf5
{[%clk 0:58:46]} Bxf5 {[%clk 0:40:37]} 19. Bd5+ {[%clk 0:54:59]} Be6
{[%clk 0:39:36]} 20. Bxe6+ {[%clk 0:46:36]} Rxe6 {[%clk 0:40:05]} 21. Qg4
{[%clk 0:47:05]} Qf7 {[%clk 0:35:55]} 22. Re2 {[%clk 0:45:41]} Nge7 23. Nc4
{[%clk 0:42:17]} Nf5 {[%clk 0:29:25]} 24. Rh2 {[%clk 0:41:04]} exf4
{[%clk 0:28:21]} 25. gxf4 {[%clk 0:39:30]} Rfe8 {[%clk 0:26:40]} 26. Rf1
{[%clk 0:34:08]} Re1 {[%clk 0:24:53]} 27. Qh3 {[%clk 0:31:52]} Rxf1+
{[%clk 0:21:37]} 28. Kxf1 {[%clk 0:28:44]} Qe6 {[%clk 0:16:00]} 29. Qxh7+
{[%clk 0:26:40]} Kf8 {[%clk 0:16:29]} 30. Ne3 {[%clk 0:26:48]} Ncd4
{[%clk 0:15:55]} 31. Bxd4 {[%clk 0:25:51]} Nxd4 {[%clk 0:15:43]} 32. Qh8+
{[%clk 0:20:20]} Kf7 {[%clk 0:14:41]} 33. Qh5+ {[%clk 0:18:18]} Ke7
{[%clk 0:14:30]} 34. Qh7 {[%clk 0:13:46]} Rf8 {[%clk 0:14:01]} 35. Rf2
{[%clk 0:14:03]} Qg8 {[%clk 0:09:48]} 36. Qe4+ {[%clk 0:13:32]} Qe6
{[%clk 0:08:48]} 37. Qxb7+ {[%clk 0:12:42]} Ke8 {[%clk 0:08:22]} 38. Qh1
{[%clk 0:11:48]} Kd7 {[%clk 0:07:43]} 39. Qh7 {[%clk 0:08:59]} Rf7
{[%clk 0:07:58]} 40. g6 {[%clk 0:35:44]} Re7 {[%clk 0:37:58]} 41. Qh5
{[%clk 0:34:51]} Kc8 {[%clk 0:31:58]} 42. f5 {[%clk 0:32:50]} Qe5
{[%clk 0:30:39]} 43. Qg4 {[%clk 0:31:23]} Kb7 {[%clk 0:29:51]} 44. f6
{[%clk 0:31:16]} gxf6 {[%clk 0:29:51]} 45. g7 {[%clk 0:31:41]} 1-0

[Event "World Senior Championship F50+/F65+"]
[Site "Katerini"]
[Date "2014.11.01"]
[Round "8.12"]
[White "Pelias, Marilyn"]
[Black "Hoose, Hannelore"]
[Result "1-0"]
[WhiteElo "1613"]
[BlackElo "1757"]
[EventDate "2014.10.24"]

1. e4 {[%clk 1:30:52]} e6 {[%clk 1:30:55]} 2. Nf3 {[%clk 1:31:13]} c5
{[%clk 1:30:35]} 3. d4 {[%clk 1:31:26]} cxd4 {[%clk 1:26:07]} 4. c3
{[%clk 1:31:47]} dxc3 {[%clk 1:22:47]} 5. Nxc3 {[%clk 1:32:08]} Bb4
{[%clk 1:20:50]} 6. Bc4 {[%clk 1:25:26]} Nc6 {[%clk 1:18:36]} 7. O-O
{[%clk 1:25:27]} h6 {[%clk 1:15:06]} 8. Nb5 {[%clk 1:23:26]} a6 {[%clk 1:14:46]}
9. Nbd4 {[%clk 1:18:14]} Nge7 {[%clk 1:13:24]} 10. Nxc6 {[%clk 1:15:54]} Nxc6
{[%clk 1:13:08]} 11. a3 {[%clk 1:11:23]} Be7 {[%clk 1:12:15]} 12. b4
{[%clk 1:09:11]} O-O {[%clk 1:08:48]} 13. Bb2 {[%clk 1:06:56]} Qc7
{[%clk 1:07:21]} 14. Rc1 {[%clk 1:02:14]} Qd8 {[%clk 1:07:15]} 15. Qe2
{[%clk 0:58:07]} Bg5 {[%clk 1:02:57]} 16. Rcd1 {[%clk 0:56:54]} Bf6
{[%clk 1:02:30]} 17. e5 {[%clk 0:56:38]} Be7 {[%clk 1:00:51]} 18. Qe4
{[%clk 0:55:15]} g6 {[%clk 1:00:04]} 19. Bc1 {[%clk 0:54:55]} Kg7
{[%clk 0:59:39]} 20. Rd3 {[%clk 0:52:28]} Qe8 {[%clk 0:56:06]} 21. Qf4
{[%clk 0:46:25]} Qd8 {[%clk 0:50:33]} 22. Qxh6+ {[%clk 0:44:56]} Kg8
{[%clk 0:50:43]} 23. Ng5 {[%clk 0:41:44]} Bxg5 {[%clk 0:49:39]} 24. Bxg5
{[%clk 0:41:46]} Nxe5 {[%clk 0:45:15]} 25. Bxd8 {[%clk 0:40:17]} Rxd8
{[%clk 0:45:26]} 26. Rh3 {[%clk 0:40:01]} f5 {[%clk 0:44:59]} 27. Qh8+
{[%clk 0:38:57]} 1-0

[Event "World Senior Championship F50+/F65+"]
[Site "Katerini"]
[Date "2014.11.02"]
[Round "9.1"]
[White "Ankudinova, Yelena"]
[Black "Mednikova, Svetlana"]
[Result "0-1"]
[WhiteElo "2121"]
[BlackElo "2154"]
[EventDate "2014.10.24"]

1. Nf3 {[%clk 1:30:29]} d5 {[%clk 1:30:28]} 2. c4 {[%clk 1:30:51]} dxc4
{[%clk 1:29:06]} 3. Qa4+ {[%clk 1:28:38]} c6 {[%clk 1:28:23]} 4. Qxc4
{[%clk 1:29:01]} Nf6 {[%clk 1:27:10]} 5. g3 {[%clk 1:28:32]} b5 {[%clk 1:21:31]}
6. Qc2 {[%clk 1:28:39]} Bb7 {[%clk 1:21:36]} 7. Bg2 {[%clk 1:28:26]} e6
{[%clk 1:20:56]} 8. O-O {[%clk 1:24:10]} c5 {[%clk 1:04:54]} 9. a4
{[%clk 1:08:02]} b4 {[%clk 0:58:31]} 10. a5 {[%clk 0:56:14]} a6 {[%clk 0:47:21]}
11. Rd1 {[%clk 0:53:05]} Be7 {[%clk 0:35:25]} 12. d4 {[%clk 0:52:14]} Qc8
{[%clk 0:28:20]} 13. Nbd2 {[%clk 0:45:00]} O-O {[%clk 0:26:26]} 14. Nc4
{[%clk 0:44:50]} Be4 {[%clk 0:23:29]} 15. Qb3 {[%clk 0:43:11]} Bd5
{[%clk 0:20:23]} 16. Nfe5 {[%clk 0:37:51]} Bxg2 {[%clk 0:16:14]} 17. Kxg2
{[%clk 0:38:14]} Nbd7 {[%clk 0:13:04]} 18. Be3 {[%clk 0:34:58]} Nd5
{[%clk 0:10:09]} 19. Rac1 {[%clk 0:34:55]} Qb7 {[%clk 0:09:18]} 20. f3
{[%clk 0:34:42]} Nxe3+ {[%clk 0:08:31]} 21. Qxe3 {[%clk 0:33:55]} cxd4
{[%clk 0:07:45]} 22. Qxd4 {[%clk 0:33:53]} Nxe5 {[%clk 0:07:18]} 23. Qxe5
{[%clk 0:30:20]} Bf6 {[%clk 0:06:57]} 24. Qe3 {[%clk 0:25:09]} Qb5
{[%clk 0:04:44]} 25. b3 {[%clk 0:23:21]} Bg5 {[%clk 0:04:16]} 26. f4
{[%clk 0:23:41]} Bf6 {[%clk 0:04:22]} 27. Rd6 {[%clk 0:22:56]} Rad8
{[%clk 0:03:55]} 28. Qb6 {[%clk 0:17:59]} h6 {[%clk 0:03:03]} 29. Qxa6
{[%clk 0:17:58]} Qh5 {[%clk 0:02:35]} 30. Rc2 {[%clk 0:10:30]} Qf5
{[%clk 0:02:42]} 31. Rcd2 {[%clk 0:07:47]} Qe4+ {[%clk 0:03:11]} 32. Kg1
{[%clk 0:04:51]} Rxd6 {[%clk 0:02:57]} 33. Rxd6 {[%clk 0:02:30]} Qb1+
{[%clk 0:03:12]} 34. Kf2 {[%clk 0:02:22]} Qxb3 {[%clk 0:03:37]} 35. Qc6
{[%clk 0:02:15]} Qa2 {[%clk 0:02:31]} 36. a6 {[%clk 0:02:01]} b3 {[%clk 0:02:33]}
37. Rd2 {[%clk 0:01:39]} Qa1 {[%clk 0:00:45]} 38. Qb7 {[%clk 0:01:22]} Bd4+
{[%clk 0:00:59]} 39. e3 {[%clk 0:01:11]} Bc5 {[%clk 0:00:45]} 40. Rb2
{[%clk 0:30:51]} Qa4 {[%clk 0:30:49]} 41. Ne5 {[%clk 0:28:34]} Qa1
{[%clk 0:17:02]} 42. Rxb3 {[%clk 0:20:33]} Qc1 {[%clk 0:14:37]} 43. Nd7
{[%clk 0:03:15]} Rd8 {[%clk 0:06:01]} 44. Rd3 {[%clk 0:01:48]} Qc2+
{[%clk 0:06:12]} 45. Kf3 {[%clk 0:02:00]} Qxd3 {[%clk 0:06:36]} 46. Nxc5
{[%clk 0:02:24]} Qd1+ {[%clk 0:05:30]} 0-1